[Event "Poznan op 28th"]
[Site "Poznan"]
[Date "2021.08.18"]
[Round "5"]
[White "Litke, Slawomir"]
[Black "Rosenfeld, Noe"]
[Result "0-1"]
[WhiteElo "1623"]
[BlackElo "1305"]
[PlyCount "60"]
[EventDate "2021.08.15"]
[EventType "swiss"]
[EventRounds "9"]
[EventCountry "POL"]
[SourceTitle "CBM 203 Extra"]
[Source "ChessBase"]
[SourceDate "2021.09.30"]
[SourceVersion "1"]
[SourceVersionDate "2021.09.30"]
[SourceQuality "1"]

1. e4 c5 2. Be2 d6 3. f4 Nc6 4. Nf3 Nf6 5. d3 b5 6. 0-0 g6 7. Qe1 Bg7 8. Kh1 0-0 9. Qh4 Nd4 10. Bd1 Bd7 11. c3 Nxf3 12. Bxf3 Rc8 13. Be3 Bc6 14. Nd2 Nd7 15. d4 e6 16. Qg3 cxd4 17. cxd4 d5 18. h4 dxe4 19. Nxe4 Bxe4 20. Bxe4 Nb6 21. h5 Nc4 22. hxg6 hxg6 23. Bxg6 Nxe3 24. Qxe3 Qh4+ 25. Kg1 fxg6 26. Qxe6+ Kh7 27. Rf3 Bxd4+ 28. Kf1 Qh1+ 29. Ke2 Qxg2+ 30. Ke1 Rfe8 0-1

[Event "POL-chT U19 Wielkopolskie"]
[Site "Poland"]
[Date "2016.02.14"]
[Round "4.3"]
[White "Skurniak, Szymon"]
[Black "Rosenfeld, Noe"]
[Result "1-0"]
[WhiteElo "1630"]
[BlackElo "1273"]
[PlyCount "53"]
[EventDate "2016.02.13"]
[EventType "team-tourn"]
[EventRounds "9"]
[EventCountry "POL"]
[SourceTitle "EXT 2019"]
[Source "ChessBase"]
[SourceDate "2018.10.10"]
[SourceVersion "1"]
[SourceVersionDate "2018.10.10"]
[SourceQuality "1"]

1. e4 e5 2. Nf3 Nc6 3. Nc3 Bc5 4. Nxe5 Bxf2+ 5. Kxf2 Nxe5 6. d4 Nc6 7. Be3 d6 8. Bc4 Qh4+ 9. g3 Qe7 10. Nd5 Qd7 11. Qf3 Nge7 12. Rhf1 0-0 13. Kg1 Nxd5 14. Bxd5 Nb4 15. Bb3 a5 16. c3 Nc6 17. Rf2 a4 18. Bd5 Na5 19. Raf1 h6 20. Bxf7+ Rxf7 21. Qxf7+ Qxf7 22. Rxf7 Bh3 23. R1f4 c6 24. Re7 b6 25. Rff7 Nc4 26. Rxg7+ Kf8 27. Bxh6 1-0